عرض عادي
عرض مارك
- Community health nursing.
مدخل مصطلح موضوعي
001 - رقم الضبط
- حقل الضبط: 6164
003 - معرف رقم الضبط
- حقل الضبط: OSt
005 - تاريخ ووقت أخر عملية
- حقل الضبط: 20111102051622.0
008 - عناصر بيانات ثابتة الطول
- حقل تحكم ثابت الطول: 111102|||a|||||| | ||| d
040 ## - مصدر الفهرسة
- هيئة الفهرسة الأصلية: OSt
- وكالة الكتابة: OSt
150 ## - مدخل-- مصطلح تاريخي
- عنصر مدخل المصطلح الموضوعي او الاسم الجغرافي: Community health nursing.
670 ## - بيانات المصدر موجوده
- الاستشهاد بالمصدر: Work cat.: (OSt)1083: Community health nursing :, c2001.
